| 000 | 00903cam a22002773a 4500 | ||
|---|---|---|---|
| 001 | 10753 | ||
| 003 | PGUSA | ||
| 005 | 20140828083228.0 | ||
| 008 | 040101s2004||||xxu|||||s|||||000 | eng d | ||
| 040 |
_aPGUSA _beng |
||
| 042 | _adc | ||
| 050 | 4 | _aHM | |
| 100 | 1 | _aRushkoff, Douglas | |
| 245 | 1 | 0 |
_aOpen Source Democracy : _bHow online communication is changing offline politics _h[electronic resource] / _cDouglas Rushkoff |
| 260 |
_bProject Gutenberg, _c2004 |
||
| 506 | _aCopyrighted. Read the copyright notice inside this book for details. | ||
| 516 | _aElectronic text | ||
| 653 | _aDemocracy | ||
| 653 | _aInformation technology -- Political aspects | ||
| 653 | _aInformation society | ||
| 653 | _aInformation society -- Political aspects | ||
| 653 | _aPolitical participation | ||
| 830 | 0 |
_aProject Gutenberg _v10753 |
|
| 856 | 4 | 0 | _uhttp://www.gutenberg.org/ebooks/10753 |
| 942 | _cEB | ||
| 999 |
_c240008 _d240008 |
||